| 000 | 00613nam a2200205 a 4500 | ||
|---|---|---|---|
| 001 | 000011926 | ||
| 005 | 20240412074228.0 | ||
| 008 | 091102s197u dr r 000 p spa d | ||
| 040 |
_aDO-SdBNP _bspa _cBNPHU |
||
| 082 |
_aRD861.44 _bC117c 1970 |
||
| 100 | 1 |
_aCabral, Manuel del, _d1907-1999 _923556 |
|
| 245 | 1 | 0 |
_aCompadre Mon / _cManuel del Cabral. |
| 250 | _a8a ed. | ||
| 260 |
_aSanto Domingo : _bCosmo, _c[197?]. |
||
| 300 |
_a182 p. ; _c19 cm. |
||
| 590 | _aInventariado, 2018/BT | ||
| 650 | 0 |
_aPoesÃa dominicana _966 |
|
| 650 | 0 |
_aLiteratura dominicana. _967 |
|
| 910 | _aValidado. Control de calidad. MFF | ||
| 999 |
_c11596 _d11596 |
||